El populismo ruso /
"Los llamados populistas rusos de las últimas décadas del siglo pasado, enunciaron tesis sobre la 'espontaneidad' de las fuerzas populares que fueron objeto de críticas agudas por parte de Lenin y los bolcheviques. Este libro es una amplia exposición de las ideas de los populistas acerca de las estr...
Sábháilte in:
| Príomhchruthaitheoir: | |
|---|---|
| Formáid: | LEABHAR |
| Teanga: | Spáinnis |
| Foilsithe / Cruthaithe: |
México :
Siglo XXI,
1978, c1978
|
| Sraith: | (Biblioteca del Pensamiento Socialista)
|
| Ábhair: | |
| Clibeanna: |
Níl clibeanna ann, Bí ar an gcéad duine le clib a chur leis an taifead seo!
|
MARC
| LEADER | 00000nam^a2200000^a^4500 | ||
|---|---|---|---|
| 001 | 000037277 | ||
| 005 | 20250521000000.0 | ||
| 009 | 20260310085422.296 | ||
| 020 | |a 968-23-0158-0 | ||
| 037 | |a Acervo ITESO - Biblioteca | ||
| 041 | |a ESP | ||
| 082 | |a 320. 5315 |b TVA | ||
| 100 | |a Tvardovskaia, Valentina Aleksandrovna |e (autor) | ||
| 245 | 1 | 3 | |a El populismo ruso / |c V. A. Tvadovskaia ; tr. por S. Mastrangelo. |
| 264 | 4 | |a México : |b Siglo XXI, |c 1978, c1978 | |
| 300 | |a 229 p. | ||
| 336 | |a texto |b txt |2 rdacontenido | ||
| 337 | |a sin mediación |b n |2 rdamedio | ||
| 338 | |a volumen |b nc |2 rdasoporte | ||
| 440 | 1 | |a (Biblioteca del Pensamiento Socialista) | |
| 500 | |a Traducción de: Sotsialisticheskaia mysl v rossi na rubezh | ||
| 520 | |a "Los llamados populistas rusos de las últimas décadas del siglo pasado, enunciaron tesis sobre la 'espontaneidad' de las fuerzas populares que fueron objeto de críticas agudas por parte de Lenin y los bolcheviques. Este libro es una amplia exposición de las ideas de los populistas acerca de las estructuras de la sociedad rusa, de los problemas de la comunidad rural, la propiedad de los medios de producción, la función del estado, la política y la iniciativa revolucionaria. Se trata de una contribución inapreciable al estudio de la realidad rusa de fines del siglo XIX, y de un examen objetivo del significado de esos movimientos." | ||
| 649 | |a XX | ||
| 650 | |a Socialismo - |z Rusia | ||
| 650 | |a Política | ||
| 910 | |a Fondo General | ||
| 920 | |a Impresos - Libros | ||
| 930 | |a Colección General | ||
| 905 | |a 101 | ||
| 901 | |a 0372770100 |b IT1 |c ACC |i 037277 |u 20250521 | ||
| 902 | |a https://opac.biblio.iteso.mx/vufind/Record/000037277 | ||